[Event "IECC CL8-2006.03 email"]
[Site "IECC email"]
[Date "2006.04.16"]
[Round "?"]
[White "Pero, Matthieu"]
[Black "Smeulders, Thomas"]
[Result "0-1"]
[WhiteElo "809"]
[BlackElo "823"]
[PlyCount "52"]
[EventDate "2006.??.??"]
[EventType "tourn (corr)"]
[EventRounds "4"]
[SourceTitle "Corr 2020"]
[Source "ChessBase"]
[SourceDate "2019.09.30"]
[SourceVersion "1"]
[SourceVersionDate "2019.09.30"]
[SourceQuality "1"]
[WhiteTeam "France"]
[BlackTeam "Belgium"]
[WhiteTeamCountry "FRA"]
[BlackTeamCountry "BEL"]

1. e4 Nc6 2. Nf3 e5 3. d4 d5 4. dxe5 dxe4 5. Qxd8+ Nxd8 6. Nd4 Bd7 7. Nc3 f5 8. Nd5 Rc8 9. Nb5 Ne6 10. Be3 Bxb5 11. Bxb5+ c6 12. Ba4 b5 13. Bxa7 bxa4 14. Nc3 Ra8 15. Bb6 Ne7 16. 0-0-0 Ra6 17. Be3 f4 18. Nxe4 fxe3 19. Nd6+ Kd8 20. Nf7+ Ke8 21. Nxh8 Nf5 22. Rhe1 exf2 23. Rf1 Ne3 24. Rxf2 Nxc2 25. Kxc2 c5 26. Nf7 h6 0-1

[Event "IECC Swiss-510.1"]
[Site "IECC email"]
[Date "2006.04.04"]
[Round "?"]
[White "Laine, Jari"]
[Black "Pero, Matthieu"]
[Result "1-0"]
[WhiteElo "1710"]
[BlackElo "804"]
[PlyCount "49"]
[EventDate "2006.??.??"]
[EventType "tourn (corr)"]
[EventRounds "1"]
[SourceTitle "Corr 2020"]
[Source "ChessBase"]
[SourceDate "2019.09.30"]
[SourceVersion "1"]
[SourceVersionDate "2019.09.30"]
[SourceQuality "1"]
[WhiteTeam "Finland"]
[BlackTeam "France"]
[WhiteTeamCountry "FIN"]
[BlackTeamCountry "FRA"]

1. e4 c5 2. c3 Nf6 3. e5 Nd5 4. d4 cxd4 5. cxd4 e6 6. Nf3 d6 7. a3 Bd7 8. Bd3 Bc6 9. 0-0 Be7 10. Re1 0-0 11. Qc2 g6 12. Bh6 Re8 13. Nbd2 Nd7 14. Nc4 b5 15. Nxd6 Bxd6 16. Qxc6 b4 17. Qxd6 Nf4 18. Bxf4 Nb6 19. Qxd8 Raxd8 20. Bb5 Nd7 21. Bg5 Rb8 22. Bxd7 Rf8 23. Be7 Rb7 24. Bxf8 Kxf8 25. Bc6 1-0

[Event "IECG QN.2004.0.00307 email "]
[Site "IECG email"]
[Date "2004.01.14"]
[Round "?"]
[White "Pero, Matthieu"]
[Black "Nickel, Ernesto"]
[Result "0-1"]
[WhiteElo "800"]
[BlackElo "800"]
[PlyCount "34"]
[EventDate "2004.01.14"]
[EventType "tourn (corr)"]
[EventRounds "6"]
[SourceTitle "Corr 2008"]
[Source "ChessBase"]
[SourceDate "2008.06.24"]
[SourceVersion "1"]
[SourceVersionDate "2008.06.24"]
[SourceQuality "1"]

1. e4 e5 2. d3 Nf6 3. Nf3 d5 4. Nc3 d4 5. Ne2 Nc6 6. g3 Bc5 7. Bg2 0-0 8. 0-0 Re8 9. c3 dxc3 10. bxc3 Bg4 11. Rb1 b6 12. Bg5 h6 13. Bxf6 Qxf6 14. h3 Bxf3 15. Bxf3 Qxf3 16. d4 Rad8 17. d5 Qxe4 0-1

[Event "IECC M email"]
[Site "IECC email"]
[Date "1999.04.17"]
[Round "?"]
[White "Pero, Matthieu"]
[Black "Jost, Marcelo"]
[Result "0-1"]
[WhiteElo "966"]
[BlackElo "1106"]
[PlyCount "34"]
[EventDate "1999.??.??"]
[EventType "tourn (corr)"]
[EventRounds "6"]
[SourceTitle "Corr 2008"]
[Source "ChessBase"]
[SourceDate "2008.06.24"]
[SourceVersion "1"]
[SourceVersionDate "2008.06.24"]
[SourceQuality "1"]

1. d4 d5 2. e3 Nf6 3. c4 c6 4. Bd3 Nbd7 5. Nc3 e6 6. a3 Bd6 7. b4 dxc4 8. b5 cxd3 9. Qxd3 c5 10. d5 exd5 11. Nxd5 Ne5 12. Qb3 c4 13. Nxf6+ Qxf6 14. Qa4 Nd3+ 15. Kd1 Qxa1 16. b6+ Bd7 17. Qxc4 Nb2+ 0-1

[Event "IECC M email"]
[Site "IECC email"]
[Date "1999.04.11"]
[Round "?"]
[White "Pero, Matthieu"]
[Black "Mitchko, David"]
[Result "0-1"]
[WhiteElo "971"]
[BlackElo "1044"]
[PlyCount "24"]
[EventDate "1999.??.??"]
[EventType "tourn (corr)"]
[EventRounds "6"]
[SourceTitle "Corr 2008"]
[Source "ChessBase"]
[SourceDate "2008.06.24"]
[SourceVersion "1"]
[SourceVersionDate "2008.06.24"]
[SourceQuality "1"]

1. e4 e5 2. c4 Nf6 3. Nc3 Nc6 4. Nf3 Bb4 5. Nd5 Bc5 6. d3 0-0 7. Bg5 Be7 8. d4 Nxe4 9. Nxe5 Bxg5 10. Qe2 f5 11. b3 Nxd4 12. Qb2 Bd2+ 0-1